00294nam a22000977a 4500082001800000245006400018260003800082300003100120526003700151650000800188 a954.0359bOFF aOfficial history of operations on the N W Frontier of India aDelhibGovernament of Indiac1936 axviii, p 256billus,c42cm a0b0c0d954_035900000000000_OFF aMCE